Statistics for Jump between all Capital Cities: Furthest Capital

Click here to take the quiz!

General Stats

  • This quiz has been taken 647 times
  • The average score is 83 of 195

Answer Stats

B D D2 Capital City% Correct
73º 19,937 Tai{pei . _uc}
100%
104º 19,051 1,048 Sucre . _an
85%
259º 18,836 1,875 Brasilia . _el
79%
281º 19,196 1,157 Manila . _ra
79%
90º 18,180 2,523 Paramaribo . _il
75%
265º 19,697 2,040 Dili . _eo
74%
277º 19,049 1,683 Melekeok . _ar
74%
85º 19,575 346 Georgetown . _an
73%
90º 18,504 1,902 Bandar Seri Begawan . _og
71%
90º 18,562 1,780 Bogota . _ak
71%
266º 19,805 1,527 Jakarta . _an
71%
267º 18,810 894 Singapore . _ui
71%
84º 19,264 772 Panama . _in
70%
294º 19,060 3,338 Beijing . _ue
69%
245º 19,263 1,139 Buenos Aires . _eo
69%
271º 19,681 315 Kuala Lumpur . _im
69%
265º 19,009 1,316 Lima . _hn
69%
277º 19,815 997 Phnom Penh . _an
69%
90º 19,741 1,025 Quito . _ua
69%
254º 17,538 2,458 Santiago . _ei
69%
113º 19,603 202 Montevideo . _yo
68%
294º 19,516 194 Pyongyang . _or
68%
293º 19,435 955 Seoul . _on
68%
262º 16,888 5,807 Port Moresby . _ra
67%
100º 14,451 5,074 Port-of-Spain . _or
67%
262º 19,296 1,402 Honiara . _is
65%
257º 18,508 1,072 Suva . _ia
64%
276º 19,471 921 Bissau . _or
63%
97º 19,374 1,067 Funafuti . _om
63%
260º 19,238 1,289 Port-Vila . _ou
63%
278º 18,846 4,148 Praia . _on
63%
82º 19,470 764 Abuja . _uk
62%
263º 18,870 1,148 Apia . _bu
62%
274º 19,670 821 Lome . _pi
62%
280º 19,369 2,001 Niamey . _un
62%
78º 19,576 689 Nouakchott . _uv
62%
99º 18,637 886 Nuku'alofa . _ua
62%
78º 18,831 1,053 Ouagadougou . _ar
61%
93º 18,376 2,798 Tarawa . _am
61%
105º 16,541 4,767 Canberra . _is
60%
272º 19,323 613 Monrovia . _aj
60%
92º 18,914 704 Yaren . _on
60%
269º 18,331 1,176 Accra . _al
59%
270º 18,058 1,475 Freetown . _an
59%
270º 18,504 979 Majuro . _cc
59%
271º 19,083 738 Yamoussoukro . _ar
59%
296º 18,057 3,373 Lisbon . _el
58%
296º 19,854 503 Madrid . _ok
58%
89º 17,256 1,460 Palikir . _re
58%
243º 19,575 2,330 Wellington . _ad
58%
92º 10,785 9,245 Tokyo . _in
57%
290º 13,440 11,324 Mexico City . _or
54%
243º 14,335 7,297 Windhoek . _ex
53%
283º 16,585 1,058 Guatemala City . _ol
52%
104º 17,585 4,187 Port Louis . _ua
50%
92º 17,396 3,869 Colombo . _an
49%
90º 17,047 339 Managua . _al
49%
271º 17,440 871 San Jose . _an
49%
273º 17,270 362 San Salvador . _ie
49%
271º 17,336 2,382 Bangkok . _an
48%
267º 16,654 2,453 Caracas . _an
48%
92º 17,148 3,147 Male . _an
47%
87º 15,742 1,023 Nay Pyi Taw . _eg
47%
266º 16,104 586 Saint George's . _ay
47%
271º 16,274 3,516 Vientiane . _ar
47%
108º 14,829 1,800 Antananarivo . _as
46%
267º 15,471 388 Belmopan . _ic
46%
86º 16,430 479 Hanoi . _ai
46%
281º 15,059 932 Havana . _nt
46%
266º 14,767 783 Kingston . _at
46%
289º 14,335 554 Nassau . _hi
46%
91º 16,244 2,768 Tegucigalpa . _ha
46%
86º 15,815 736 Dhaka . _el
45%
86º 14,596 427 Kathmandu . _or
45%
85º 13,850 801 New Delhi . _an
45%
266º 14,354 475 Port-au-Prince . _ew
45%
265º 13,717 247 Santo Domingo . _sl
45%
89º 14,028 6,851 Thimphu . _in
45%
98º 15,889 4,920 Victoria . _av
45%
256º 13,116 174 Bridgetown . _ab
44%
260º 12,498 180 Castries . _is
44%
83º 13,028 690 Islamabad . _in
44%
260º 12,919 1,108 Kingstown . _la
44%
76º 13,139 3,224 Ulaanbaatar . _ri
44%
76º 12,257 1,038 Bishkek . _os
43%
79º 12,467 3,449 Kabul . _as
43%
256º 12,158 150 Roseau . _us
43%
266º 12,205 262 Basseterre . _or
42%
105º 12,076 4,248 Moroni . _as
42%
85º 12,206 2,594 Muscat . _as
42%
305º 13,409 732 Ottawa . _ba
42%
294º 13,434 2,768 Washington . _ap
42%
295º 11,129 3,392 Saint John's . _us
41%
79º 11,988 8,180 Dushanbe . _on
40%
122º 13,412 1,936 Maputo . _tt
40%
126º 13,321 150 Mbabane . _ai
40%
59º 8,849 1,420 Astana . _as
38%
359º 9,401 789 Helsinki . _ar
37%
335º 8,657 2,030 Dublin . _il
36%
171º 9,474 259 Gaborone . _el
36%
350º 9,626 1,750 Oslo . _ab
36%
155º 10,868 401 Pretoria . _sl
36%
349º 8,248 1,633 Stockholm . _us
36%
45º 7,960 3,653 Tashkent . _an
36%
176º 8,662 925 Harare . _ub
35%
152º 8,375 517 Lilongwe . _to
35%
173º 8,335 613 Lusaka . _al
35%
205º 9,903 6,161 Maseru . _ey
35%
336º 11,217 5,216 Reykjavik . _re
35%
357º 8,301 380 Tallinn . _ua
35%
69º 7,791 999 Ashgabat . _ak
34%
342º 5,542 880 Berlin . _ao
34%
197º 6,965 1,085 Kinshasa . _ig
34%
331º 7,247 1,681 London . _og
34%
187º 7,638 1,791 Luanda . _as
34%
6,839 844 Riga . _od
34%
229º 6,053 2,120 Sao Tome . _os
34%
325º 6,716 358 Amsterdam . _ai
33%
258º 6,660 1,046 Bamako . _eh
33%
188º 6,599 1,662 Brazzaville . _in
33%
338º 6,465 766 Brussels . _ig
33%
248º 8,703 5,272 Conakry . _st
33%
171º 7,076 2,273 Dodoma . _on
33%
24º 6,746 2,464 Moscow . _in
33%
331º 6,108 2,029 Paris . _ub
33%
66º 6,447 1,276 Tehran . _ao
33%
166º 6,724 860 Bujumbura . _ru
32%
340º 6,688 622 Copenhagen . _uj
32%
150º 5,606 513 Juba . _er
32%
157º 6,340 176 Kigali . _il
32%
195º 6,161 828 Libreville . _ak
32%
10º 6,547 172 Minsk . _ib
32%
153º 6,654 1,017 Nairobi . _op
32%
355º 6,293 1,469 Vilnius . _ra
32%
81º 7,535 1,542 Abu Dhabi . _am
31%
145º 5,420 2,290 Addis Ababa . _ab
31%
292º 4,921 1,191 Andorra la Vella . _ji
31%
42º 6,023 2,246 Baku . _or
31%
250º 7,787 166 Dakar . _bu
31%
21º 5,564 1,469 Kiev . _am
31%
346º 5,150 1,084 Luxembourg . _dd
31%
142º 6,924 1,401 Mogadishu . _ms
31%
130º 5,279 1,753 Djibouti . _er
30%
220º 5,525 749 Malabo . _ie
30%
249º 8,688 4,114 Banjul . _sh
29%
319º 5,152 680 Bern . _an
29%
99º 5,658 2,251 Doha . _nd
29%
177º 5,559 2,674 Kampala . _ar
29%
135º 4,876 432 Sanaa . _ad
29%
46º 5,704 449 Tbilisi . _al
29%
317º 4,758 159 Vaduz . _sm
29%
5,432 518 Warsaw . _an
29%
181º 5,396 2,229 Yaounde . _ar
29%
142º 4,450 566 Asmara . _ra
28%
182º 5,311 783 Bangui . _ux
28%
179º 4,212 2,606 N'Djamena . _er
28%
330º 4,443 487 Prague . _'D
28%
300º 5,409 2,033 Rabat . _oh
28%
263º 3,606 2,982 Algiers . _an
27%
104º 4,616 1,647 Manama . _on
27%
231º 6,010 1,017 Porto-Novo . _bi
27%
127º 3,411 2,201 Kuwait City . _un
26%
296º 4,331 859 Monaco . _iy
26%
42º 4,244 2,587 Yerevan . _lg
26%
97º 3,129 556 Baghdad . _at
25%
120º 4,138 423 Riyadh . _an
25%
319º 2,375 305 Bratislava . _ai
24%
337º 3,912 563 Vienna . _uw
24%
117º 2,355 807 Amman . _ju
23%
331º 2,201 161 Budapest . _am
23%
137º 2,123 611 Damascus . _om
23%
131º 2,382 71 Jerusalem . _ra
23%
148º 3,675 1,793 Khartoum . _ie
23%
310º 2,414 489 Ljubljana . _er
23%
294º 2,284 809 Roma . _ei
23%
304º 3,766 405 San Marino . _ha
23%
288º 2,956 597 Vatican City . _mm
23%
74º 1,669 850 Ankara . _ar
22%
113º 2,199 84 Beirut . _ag
22%
148º 2,342 423 Cairo . _ud
22%
128º 1,882 241 Nicosia . _ri
22%
283º 3,600 1,362 Tunis . _ag
22%
145º 792 820 Athens . _el
21%
40º 2,054 1,367 Chisinau . _al
21%
290º 1,277 941 Sarajevo . _th
21%
62º 327 296 Sofia . _od
21%
236º 618 389 Tirana . _of
21%
308º 2,121 517 Zagreb . _ic
21%
340º 805 198 Belgrade . _uc
20%
95º 449 744 Bucharest . _ir
20%
265º 334 131 Podgorica . _ko
20%
343º 78 158 Pristina
20%
105º 185 174 Skopje . _ri
20%
262º 1,877 1,456 Tripoli . _hi
20%
223º 1,714 357 Valletta . _nk
20%

Score Distribution

Percentile by Number Answered

Percent of People with Each Score

Your Score History

You have not taken this quiz